| 000 | 00868cab a2200301 4500 | ||
|---|---|---|---|
| 001 | ABS50165 | ||
| 008 | 090401t1994 xxu||||| |||| 00| 0 eng d | ||
| 035 | _a(Sirsi) u74460 | ||
| 041 | _aeng | ||
| 100 | _aWilliams, D. | ||
| 245 | _aRent review update | ||
| 260 | _c1994 | ||
| 350 | _a0 | ||
| 490 |
_aEstates Gazette _v(9408) 26 February 1994, 104-110(7) |
||
| 520 | _aA round-up of rent review cases of 1993, highlighting trends. | ||
| 650 | _aMANAGEMENT-DISPUTE AVOIDANCE, MANAGEMENT AND RESOLUTION-DISPUTE MANAGEMENT AND RESOLUTION-ARBITRATION | ||
| 650 | _aCOUNTER NOTICE | ||
| 650 | _aDISREGARD | ||
| 650 | _aFIT FOR OCCUPATION | ||
| 650 | _aGOODWILL | ||
| 650 | _aIMPROVEMENTS | ||
| 650 | _aNEGLIGENCE | ||
| 650 | _aNOTICES | ||
| 650 | _aRENT REVIEWS | ||
| 690 | _aLANDLORD AND TENANT-RENT REVIEWS | ||
| 942 | _n0 | ||
| 948 | _c04/03/1997 | ||
| 999 |
_c46965 _d46965 |
||